| Поле | Инд. | ПП | Название | Значение |
|---|---|---|---|---|
| Тип записи | a | |||
| Библиографический уровень | m | |||
| 001 | Контрольный номер | RU/IS/BASE/262109456 | ||
| 005 | Дата корректировки | 20250815123617.4 | ||
| 020 | 00 | a | ISBN | 5-8071-0029-8 |
| 084 | a | Индекс другой классификации/Индекс ББК | 63.3(5Япо); 63.5(5Япо); 63.3(5Япо)-7; 71.054.2 | |
| 090 | 00 | a | Полочн. индекс | 63.3(5Япо) |
| x | Авторский знак | С 973 | ||
| 100 | 10 | a | Автор | Сэнсом Дж. Б. |
| 245 | 00 | a | Заглавие | Япония |
| b | Продолж. заглавия | краткая история культуры | ||
| c | Ответственность | перевод с английского Е. В. Кириллова; научный редактор А. Б. Никитин | ||
| 260 | 00 | a | Место издания | Санкт-Петербург |
| b | Издательство | Евразия | ||
| c | Дата издания | 1999 | ||
| 300 | 00 | a | Объем | 573 с. |
| b | Иллюстрации/ тип воспроизводства | ил. | ||
| 336 | a | Термин вида содержания | Текст | |
| 337 | a | Термин типа средства | непосредственный | |
| 440 | 00 | a | Серия | Пилигрим |
| 504 | 00 | a | Библиография | Алф. указ.: с. 555 |
| 650 | 04 | a | Основная рубрика | история |
| 653 | 00 | a | Ключевые слова | административная система |
| a | Ключевые слова | археологические источники | ||
| a | Ключевые слова | буддизм | ||
| a | Ключевые слова | войны | ||
| a | Ключевые слова | государственность | ||
| a | Ключевые слова | древний мир | ||
| a | Ключевые слова | законы | ||
| a | Ключевые слова | искусство | ||
| a | Ключевые слова | историческая этнология (историческая этнография) | ||
| a | Ключевые слова | исторические источники | ||
| a | Ключевые слова | история государства и права | ||
| a | Ключевые слова | конфуцианство | ||
| a | Ключевые слова | культура | ||
| a | Ключевые слова | культурология | ||
| a | Ключевые слова | литература | ||
| a | Ключевые слова | наука | ||
| a | Ключевые слова | новое время | ||
| a | Ключевые слова | письменность | ||
| a | Ключевые слова | религия | ||
| a | Ключевые слова | сегунат | ||
| a | Ключевые слова | синтоизм | ||
| a | Ключевые слова | средние века | ||
| a | Ключевые слова | управление | ||
| a | Ключевые слова | феодализм | ||
| a | Ключевые слова | этнокультура | ||
| a | Ключевые слова | этнология (этнография) | ||
| a | Ключевые слова | этносы | ||
| a | Ключевые слова | Япония | ||
| a | Ключевые слова | японская культура | ||
| a | Ключевые слова | японская литература | ||
| a | Ключевые слова | японский этносы | ||
| a | Ключевые слова | японское искусство | ||
| 700 | 10 | a | Автор | Кириллов Е. В. |
| e | Роль лиц | переводчик | ||
| 700 | 10 | a | Автор | Никитин А. Б. |
| e | Роль лиц | редактор | ||
| 901 | t | Тип документа | m | |
| 952 | a | Тип литературы для КСУ ВШ | НАУ |